000
00200nam a22000977a 4500
003
SGT
245
_a
INDIAN GEOTECHNICAL JOURNAL
260
_b
Springer publisher
_c
2019
300
_a
600
942
_2
ddc
_c
BV
999
_c
29101
_d
29101